000 00739nam a2200265Ia 4500
003 EC-GqESP
005 20250917154717.0
008 250425s9999 xx 000 0 und d
010 _a110528
020 _a978-0-08-102631-1
041 _aeng
082 _a621.3121
_pBRE
100 _aBreeze, Paul
245 0 _aPower generation technologies
250 _aThird edition
260 _aCambridge
_bSPRINGER
_cElsevier
300 _a449 páginas
_bilustraciones
_c23 cm.
504 _aIncluye referencia bibliográfica e índice
650 _aEnergía Eléctrica
650 _aEnergía nuclear
650 _aGeneración de electricidad
650 _aGeneración de medio ambiente
902 _aLibro
_cImpreso
942 _c01
999 _c237220
_d237220